000 00799nam a2200241 a 4500
001 BRCA_1030
005 20190320203241.0
008 060417s2005 cu-a---###---#000-0#spa-d
020 _a9591010516
041 _aspa
044 _aCU
050 4 _aNK2446.P6
_b.C53 2005
245 1 0 _aClara Porset
_bdiseño y cultura
_cselección y prólogo de Jorge R. Bermúdez.
260 _aLa Habana, Cuba
_bLetras Cubanas
_c2005
300 _a89 p.
_bil.
_c21 cm.
500 _aIncluye cronología
600 1 4 _aPorset, Clara
_d1895-1981
_xCrítica e interpretación
_93386
650 1 4 _aDiseñadores de muebles
_vBiografía
_zMéxico
_93387
650 1 4 _aDiseñadores industriales
_vBiografía
_zCuba
_93388
700 1 _aPorset, Clara
_d1895 - 1981
_93389
700 1 _aBermúdez, Jorge R.
_91432
942 _2lcc
_cB
999 _c909
_d909